000 00345nam a2200133 i 4500
001 bg
100 1 _aIwasiewicz, Andrzej
_d(1935-2012).
245 0 _aStatystyczna kontrola jakoĊ›ci w toku produkcji /
_cA. Iwasiewicz.
260 _aWarszawa,
_c1985.
040 _cBPK
041 _apol
942 _cKS
008 s pl f |000 0 pol
999 _c1243
_d1243
856 _uhttp://koha.tu.koszalin.pl/cgi-bin/koha/opac-detail.pl?biblionumber=1243
_yKatalog online BPK